000
00262nam a22001217a 4500
008
170418b xxu||||| |||| 00| 0 eng d
041
_a
eng
080
_2
4TH
_a
573
100
_a
11
101
_a
SHM
245
_a
BIOLOGY OF PLANTS
_c
RAVEN. P.H
942
_2
udc
_c
BK
999
_c
10941
_d
10941